|
|
|
|
| LEADER |
00802cam a2200229 7i4500 |
| 001 |
0000082188 |
| 005 |
20240509090000.0 |
| 020 |
|
|
|a 9789832620815 (paperback)
|
| 090 |
0 |
0 |
|a H62
|b .O87 2017
|
| 100 |
0 |
|
|a Othman Lebar
|
| 245 |
1 |
0 |
|a Penyelidikan kualitatif :
|b pengenalan kepada teori dan metode
|c Othman Lebar.
|
| 250 |
|
|
|a Second edition.
|
| 264 |
|
|
|a Tanjong Malim, Perak:
|b Universiti Pendidikan Sultan Idris,
|c 2017.
|
| 300 |
|
|
|a xv, 289 pages:
|b illustrations;
|c 23 cm.
|
| 336 |
|
|
|a text
|2 rdacontent
|
| 337 |
|
|
|a unmediated
|2 rdamedia
|
| 338 |
|
|
|a volume
|2 rdacarrier
|
| 650 |
|
0 |
|a Qualitative research
|
| 650 |
|
0 |
|a Social sciences --
|x Research
|
| 997 |
|
|
|a Centre for Foundation and General Studies
|
| 998 |
|
|
|a Arts, Foundation
|
| 999 |
|
|
|a 0000071173
|b BOK
|c OPEN SHELF
|e 1st Floor, Bestari Jaya
|